00664nam a2200217Ia 4500003000400000005001700004008004100021040000700062082001700069100002200086245003600108260004200144300001400186365001300200650001600213650002800229906004400257942001200301999001900313952011400332OSt20230610104248.0210423s1995 xx 000 0 und d cAL a340 RAJU223 aRAJ (R M)9123097 aUnique law social solved papers aNew DelhibSultan Chand & Sonsc1995 a1,101bPB b135cINR aLaw9123098 aSocial Sciences9123099 alaw ; papers ; social ; solved ; Unique 2ddccBK c174155d174155 001040708MSWaSACPGbSACPGd2005-11-28g135.00l0o340 RAJUpPG020822r2022-08-24 00:00:00w2021-04-26yBK